书目信息 |
| 题名: |
小洋楼风情:民居建筑
|
|
| 作者: | 冯骥才 主编 | |
| 分册: | ||
| 出版信息: | 天津 天津教育出版社 1998.11 |
|
| 页数: | 257页 | |
| 开本: | 12开 | |
| 丛书名: | ||
| 单 册: | ||
| 中图分类: | TU-86 | |
| 科图分类: | ||
| 主题词: | 建筑风格 , 建筑艺术--流派 , 建筑艺术--作品--评价 | |
| 电子资源: | ||
| ISBN: | 7-5309-2926-7 | |
| 000 | 00631nam0 2200217 45 | |
| 001 | 0002291162 | |
| 005 | 20000229110536.4 | |
| 010 | @a7-5309-2926-7@d260.00元 | |
| 100 | @a20000229d1998 km y0chiy0120 ea | |
| 101 | @achi | |
| 105 | @a z 000yy | |
| 200 | 1 | @a小洋楼风情:民居建筑@AXiao Yang Lou Feng Qing:Min Ju Jian Zhu@f冯骥才主编@FFeng Ji Cai Zhu Bian |
| 210 | @a天津@c天津教育出版社@d1998.11 | |
| 215 | @a257页@d12开 | |
| 606 | 0 | @a建筑风格 |
| 606 | 0 | @a建筑艺术@x流派 |
| 606 | 0 | @a建筑艺术@x作品@x评价 |
| 690 | @aTU-86@v3 | |
| 701 | @a冯骥才@4主编 | |
| 801 | @aCN@bPftUser@c20000229 | |
| 905 | @f1@b49334@dTU-86@eF087/1 | |
| 小洋楼风情:民居建筑/冯骥才主编.-天津:天津教育出版社,1998.11 |
| 257页;12开 |
| ISBN 7-5309-2926-7:260.00元 |
| ● |
| 相关链接 |
|
|
|
正题名:小洋楼风情:民居建筑
索取号:TU-86/F087/1
 
预约/预借
| 序号 | 登录号 | 条形码 | 馆藏地/架位号 | 状态 | 备注 |
| 1 | 49334 | 200493340 | 建筑与城市规划学院资料室/404自科库 24排3列2层/ [索取号:TU-86/F087/1] | 在馆 |